| 000 | 00454nam a2200181Ia 4500 | ||
|---|---|---|---|
| 005 | 20250423100749.0 | ||
| 008 | 250422s9999 xx 000 0 und d | ||
| 020 | _a9789352701315 | ||
| 050 | _aQR 99.63 .K36/ | ||
| 100 | _aKanchan, Tanuj | ||
| 245 | 0 | _aRapid review of toxicology | |
| 260 | _aNew Delhi | ||
| 260 | _bJaypee brothers medical publications (P) Ltd. | ||
| 260 | _c2018 | ||
| 300 | _a171 p | ||
| 650 | _aCyanobacteria. | ||
| 942 | _cBK | ||
| 999 |
_c34272 _d34272 |
||